Top 10 attaquants équipe de France - Statistiques

Statistiques générales
  • Ce quiz a été pris 397 fois
  • Le résultat moyen est 6 sur 10
Statistiques - réponses
Nombre de sélections Joueurs % Correct
124 Olivier Giroud
97%
70 Killian Mbappe
95%
123 Thierry Henry
93%
121 Antoine Griezman
89%
97 Karim Benzema
79%
71 David Trezeguet
63%
81 Franck Ribery
46%
82 Youri Djorkaeff
31%
92 Sylvain Wiltord
30%
80 Florent Malouda
18%
Aucun quiz correspondant
Distribution des résultats
% des personnes avec chaque résultat
Percentile par nombre de réponses
Votre historique - résultats
Vous n’avez pas pris ce quiz